| 000 | 00935nam a2200265 a 4500 | ||
|---|---|---|---|
| 001 | BRCA_6554 | ||
| 005 | 20190320205512.0 | ||
| 008 | 300911s2006----mx-a######---#000-0#spa-# | ||
| 020 | _a9685918031 | ||
| 041 | _aspa | ||
| 044 | _amx | ||
| 050 | 4 |
_aLE8 _b.V36 2006 |
|
| 245 | 1 | 0 |
_aLas Vizcaínas _blos Vascos en la Nueva España y su Colegio de las Vizcaínas. |
| 250 | _a2 | ||
| 260 |
_aMéxico _bColegio de San Ignacio de Loyola (Colegio de las Vizcaínas) _c2006 |
||
| 300 |
_a265 p. _bil. (algunas a color) _c31 cm. |
||
| 500 | _aDonación Dra. Elsa Barberena | ||
| 610 | 2 | 4 |
_aColegio de las Vizcaínas _xHistoria _zCiudad de México _916349 |
| 610 | 2 | 4 |
_aColegio de San Ignacio de Loyola Vizcaínas _xHistoria _zCiudad de México _916350 |
| 650 | 1 | 4 |
_aMujeres Vascas _xEducación _zMéxico _916351 |
| 650 | 1 | 4 |
_aVascos _xEducación _zMéxico _916352 |
| 650 | 1 | 4 |
_aVascos _xHistoria _zMéxico _916353 |
| 902 | _aDEB | ||
| 942 |
_2lcc _cB |
||
| 999 |
_c6238 _d6238 |
||